000 01403nam0a22002891 4500
001 v19\rc\1987967
005 20251118181346.5
035 _a(NLR Aleph) 005084219
090 _a7228979
_c7228979
100 _a20080811d1915 u y0rusy50 ca
101 0 _arus
102 _aRU
105 _aa z |||||
200 1 _aАнализ почвы домашними средствами
_eКрат. руководство к анализу почвы домаш. средствами с описанием устройства простейшей хим. лаб. для определения качеств. и количеств. состава почвы
_fСост. А.Н. Пылков
210 _aПетроград
_cП.П. Сойкин
_d[1915]
215 _a20 с.
_cил.
_d18
225 1 _aБиблиотека сельского хозяина
_e[Практич. руководства по всем отраслям хозяйства
_vВып. 5]
311 _aБеспл. прил. к журн. "Сельск. хозяин" за 1915 г.
422 0 _12001#$aСельский хозяин$v1915
_tСельский хозяин
700 1 _aПылков
_bА.Н.
_gАлександр Николаевич
_4220
801 0 _aRU
_bNLR
_gpsbo
801 0 _aRU
_bRuMoRGB
_2psbo
801 1 _aRU
_bProSoft-M
_2rusmarc
852 _aNLR
_j3/120
899 _aRuMoRGB
_jV 84/315
942 _cBOOK
980 _aNB